00760naa a2200181 i 45000010005000000030009000050050017000140080039000310400021000700410008000910800016000990800011001150800008001261000165001342450100002996500032003997730147004319864KOSZ 00520180411101312.0130304s2012 pl |000 0dpol cBPKdKOSZ 005/EG1 apol a94(438).083 a316.64 a1721 aWERRA, Zbigniew.bPolitechnika Koszalińska - Instytut Polityki Społecznej i Stosunków Międzynarodowych,cZakład Stosunków Międzynarodowychd2010 - .10aIdea solidarności społecznej niezależnego zrzeszenia studentw 1980-1981 /cZbigniew Werra. aSolidarność społeczna.0 iW :tSolidarność : ludzie i idee / pod red. Marka Górki. -dKoszalin : Wydaw. Uczelniane Politechniki Koszalińskiej, 2012. -gs. 47-66